000 00893nam a2200217Ia 4500
001 4089
003 GE_BSU
008 181216s||||||||xx |||||||||||||| ||und||
040 _cGE_BSU
080 _a398(479.22)
245 _aქართული ხალხური პოეზიის საკითხები.
245 _b(მეგრული ნიმუშების მიხედვით). ზუგდიდის სახ. ისტორიულ–ეთნოგრაფიული მუზეუმი.
245 _cრედ. იოსებ მეგრელიძე.
260 _aთბილისი
260 _bმეცნიერება
260 _c1979
300 _a182 გვ. 22 სმ.
541 _h3 ლ.
653 _aქართული ხალხური პოეზიის საკითხები.
942 _cBK
999 _c38101
_d38101